| 000 | 00431cam a2200181ua 4500 | ||
|---|---|---|---|
| 020 | _c5.00 | ||
| 041 |
_ahin _hh |
||
| 082 |
_a891.54 _bSHY/BH |
||
| 100 | _aShyam, Sunder Das . | ||
| 245 |
_aBhasha vijnan / _cShyam Sunder Das. _hTextual Documents |
||
| 250 |
_a8 / _b. |
||
| 260 |
_aAllahabad : _bIndian Press Ltd , _c1962. |
||
| 300 | _a347 ; . | ||
| 365 | _a5.00 | ||
| 504 | _a | ||
| 942 | _cBK | ||
| 999 |
_c8055 _d8055 |
||